Bytový dom

Na minha lista:
Detalhes bibliográficos
Autor principal: Sedlár, Marcel (Author)
Outros Autores: Hollý, Ján (Thesis advisor)
Formato: Manuscrito Livro
Idioma:eslovaco
Publicado em: 2018
Assuntos:
Acesso em linha:http://is.stuba.sk/zp/portal_zp.pl?podrobnosti=116949
https://opac.crzp.sk/?fn=detailBiblioForm&sid=ABCEC5876A40CFC0D993DE344C66
Tags: Adicionar Tag
Sem tags, seja o primeiro a adicionar uma tag!

MARC

LEADER 00000ntm a22000003a 4500
001 stuzp68513
003 SK-STU
005 20230522144501.5
007 ta
008 150427s2015----xo-----f-mn---000-0-slo-d
040 |a STU  |b slo 
041 0 |a slo 
100 1 |a Sedlár, Marcel  |u 010180  |4 aut  |U SvF Stavebná fakulta  |T SvF Katedra konštrukcií pozemných stavieb  |X 75599  |U V180  |Y 18  |7 75599 
242 0 1 |a Apartment building  |y eng 
245 1 0 |a Bytový dom 
260 |c 2018 
650 4 |a Bytový dom  |2 slo 
650 4 |a železobetónová konštrukcia  |2 slo 
650 4 |a 3 sekcie  |2 slo 
650 4 |a Apartment building  |2 eng 
650 4 |a 3 sections  |2 eng 
650 4 |a reinforced concrete structure  |2 eng 
700 1 |a Hollý, Ján  |u 010180  |k Z3  |4 ths  |U SvF Stavebná fakulta  |T SvF Katedra konštrukcií pozemných stavieb  |X 67045  |U V180  |Y 18  |7 A000067045 
856 4 |u http://is.stuba.sk/zp/portal_zp.pl?podrobnosti=116949 
856 4 |u https://opac.crzp.sk/?fn=detailBiblioForm&sid=ABCEC5876A40CFC0D993DE344C66